| 000 | 00523nam a2200121Ia 4500 | ||
|---|---|---|---|
| 008 | 220216s9999 xx 000 0 und d | ||
| 100 | _aSubheesh P.V | ||
| 245 | 0 | _aSantoprene TM TPV: Shaping the future together | |
| 260 |
_bCircular Economy, Recyclability and Sustainability of the Rubber Industry-A New Paradigm Shift: National Rubber Conference, 4-5 December 2019, All India Rubber Industries Association, Kolkata, India. _cDec-19 |
||
| 650 | _aSantoprene | ||
| 856 | _uRef only (In: Rubber India Jan 2020) | ||
| 942 | _cJS | ||
| 999 |
_c68404 _d68404 |
||